Plant breeding: theory and practice (Record no. 354349)

MARC details
000 -LEADER
fixed length control field 003820000a22001570004500
020 ## - INTERNATIONAL STANDARD BOOK NUMBER
International Standard Book Number 8120403886
060 ## - NATIONAL LIBRARY OF MEDICINE CALL NUMBER
Classification number 100
082 ## - DEWEY DECIMAL CLASSIFICATION NUMBER
Classification number 631.53 CHO
100 ## - MAIN ENTRY--PERSONAL NAME
Personal name Chopra, V L
245 ## - TITLE STATEMENT
Title Plant breeding: theory and practice
260 ## - PUBLICATION, DISTRIBUTION, ETC. (IMPRINT)
Place of publication, distribution, etc. Newdelhi, Oxford & IBH publishing co. pvt. ltd
260 ## - PUBLICATION, DISTRIBUTION, ETC. (IMPRINT)
Date of publication, distribution, etc. 1989
300 ## - PHYSICAL DESCRIPTION
Extent 467
650 ## - SUBJECT ADDED ENTRY--TOPICAL TERM
Topical term or geographic name as entry element Plant biology/mutation breeding
942 ## - ADDED ENTRY ELEMENTS (KOHA)
Koha item type Books (General)
Holdings
Withdrawn status Lost status Damaged status Not for loan Home library Current library Date acquired Total Checkouts Full call number Barcode Date last seen Date checked out Price effective from Koha item type
        College of Agriculture, Vellayani College of Agriculture, Vellayani 02/05/2014 1 631.53 CHO KAU_COAV-22589 06/06/2018 21/05/2018 02/05/2014 Books (General)
Kerala Agricultural University Central Library
Thrissur-(Dt.), Kerala Pin:- 680656, India
Ph : (+91)(487) 2372219
E-mail: librarian@kau.in
Website: http://library.kau.in/